| Поле | Инд. | ПП | Название | Значение |
|---|---|---|---|---|
| Тип записи | m | |||
| Библиографический уровень | m | |||
| 001 | Контрольный номер | RU/LIBMSTU/321105549 | ||
| 005 | Дата корректировки | 20230201101117.9 | ||
| 008 | Кодируемые данные | 091025|||||||||ru||||||||||||||||||rus|| | ||
| 040 | b | Код языка каталог. | rus | |
| e | Правила каталог. | PSBO | ||
| 041 | 0_ | a | Код языка текста | rus |
| 084 | a | Индекс другой классификации/Индекс ББК | 75.0+75.1 | |
| 245 | 10 | a | Заглавие | Физическая культура |
| b | Продолж. заглавия | метод. указания и контрол. задания для студентов всех специальностей вечер.-заоч. отд-ния | ||
| c | Ответственность | Федер. агентство по рыболовству, Мурман. гос. техн. ун-т, Каф. физвоспитания ; сост. О. Г. Кливер | ||
| h | Физич. носитель | Электронный ресурс | ||
| 256 | a | Характеристики компьютерного файла | Электрон. текстовые дан. (1 файл : 353 Кб) | |
| 260 | a | Место издания | Мурманск | |
| b | Издательство | Изд-во МГТУ | ||
| c | Дата издания | 2009 | ||
| 500 | 10 | a | Примечание | Доступ из локальной сети Мурман. гос. техн. ун-та |
| 500 | 10 | a | Примечание | Загл. с экрана |
| 583 | x | Служебное примечание | Полнотекстовые документы | |
| x | Служебное примечание | Труды преподавателей МГТУ | ||
| z | Открытое примечание | Для студентов всех специальностей | ||
| 653 | 1_ | a | Ключевые слова | Методические указания |
| a | Ключевые слова | Спорт | ||
| a | Ключевые слова | Труды преподавателей МГТУ | ||
| a | Ключевые слова | Физическая культура | ||
| a | Ключевые слова | Физическая подготовка | ||
| a | Ключевые слова | Электронные версии | ||
| 856 | 0_ | u | URL | https://elib.mauniver.ru/2009/M_09_39.pdf |
| 901 | t | Тип документа | m | |
| 952 | c | Вид литературы | учебно-методическое издание |